| 000 | 00380nam a2200133Ia 4500 | ||
|---|---|---|---|
| 008 | 250610s9999 xx 000 0 und d | ||
| 082 | _a915.491 NAJ | ||
| 100 | _aNajmul Huda, Prof. | ||
| 245 | 0 | _aRiasat, Jughrafia Aur Pakistan (ریاست، جغرافیہ اور پاکستان) | |
| 260 |
_aKarachi: _bZaki & Sons, _c2004 |
||
| 300 | _a155p. | ||
| 600 | _aHistory | ||
| 942 | _cGB | ||
| 999 |
_c31412 _d31412 |
||